Spišský hrad a kultúrne pamiatky jeho okolia svetové dedičstvo UNESCO opäť na pamätnej striebornej minci
V rámci emisného plánu pamätných mincí na rok 1998 sa Národná banka Slovenska opätovne vracia k tematike Svetového dedičstva UNESCO a vydáva pamätnú striebornú mincu venovanú ďalšej z lokalít zapísaných do Zoznamu svetového dedičstva UNESCO, Spišskému hradu a kultúrnym pamiatkam jeho okolia.
Gespeichert in:
| 1. Verfasser: | |
|---|---|
| Format: | Buchkapitel |
| Sprache: | Slowakisch |
| Schlagworte: | |
| Tags: |
Keine Tags, Fügen Sie das erste Tag hinzu!
|
MARC
| LEADER | 00000naa a2200000 4500 | ||
|---|---|---|---|
| 001 | r032503 | ||
| 005 | 20221130064120.0 | ||
| 041 | 0 | |a slo | |
| 044 | |a SK | ||
| 245 | 1 | 0 | |a Spišský hrad a kultúrne pamiatky jeho okolia |b svetové dedičstvo UNESCO opäť na pamätnej striebornej minci |c Dagmar Flaché |
| 520 | |a V rámci emisného plánu pamätných mincí na rok 1998 sa Národná banka Slovenska opätovne vracia k tematike Svetového dedičstva UNESCO a vydáva pamätnú striebornú mincu venovanú ďalšej z lokalít zapísaných do Zoznamu svetového dedičstva UNESCO, Spišskému hradu a kultúrnym pamiatkam jeho okolia. | ||
| 610 | 2 | 0 | |a mince |
| 610 | 2 | 0 | |a emisia |
| 610 | 2 | 0 | |a NBS Bratislava |
| 610 | 2 | 0 | |a pamiatky |
| 610 | 2 | 0 | |a Spišský hrad |
| 610 | 2 | 0 | |a UNESCO |
| 610 | 2 | 0 | |a 1998 |
| 100 | 1 | |a Flaché, Dagmar | |